00213nam a2200097Ia 4500008004100000082000800041100001700049245002800066942000600094999001500100240331s9999 xx 000 0 und d bLAK aLakshmi, C.S 4aThe singer and the song cL c2069d2069